000
00213 a2200097 4500
001
14669
100
_a
Hughes J
245
_a
Indonesian up Heaval
260
_a
New York
_b
David makay Co
_c
090
_c
11455
_d
11455
942
_a
NUST-CAE
_c
M
_c
1620
999
_c
249742
_d
249742